[Event "Bogota blitz op"]
[Site "Bogota"]
[Date "2024.12.21"]
[Round "3"]
[White "Motta Leon, Gerardo"]
[Black "Gomez Boada, Alfredo"]
[Result "1-0"]
[WhiteElo "1935"]
[BlackElo "1661"]
[PlyCount "95"]
[EventDate "2024.12.21"]
[EventType "swiss (blitz)"]
[EventRounds "11"]
[EventCountry "COL"]
[SourceTitle "CB52_2024"]
[SourceDate "2024.12.25"]
[SourceVersion "1"]
[SourceVersionDate "2024.12.25"]
[SourceQuality "1"]

1. e4 c6 2. Nf3 d5 3. Nc3 d4 4. Ne2 Bg4 5. Nexd4 e5 6. Nb3 Bb4 7. c3 Bd6 8. d4 Nf6 9. dxe5 Bxf3 10. gxf3 Bxe5 11. Qxd8+ Kxd8 12. f4 Bc7 13. f3 Nh5 14. f5 Ke7 15. Bg5+ f6 16. Be3 Rd8 17. Bc4 Bb6 18. Bc5+ Bxc5 19. Nxc5 Nf4 20. Nxb7 Rd6 21. Nxd6 Kxd6 22. Rd1+ Kc7 23. Kf2 a5 24. Ke3 g5 25. fxg6 Nxg6 26. Be6 Ne5 27. f4 Ned7 28. Rhg1 Nc5 29. Rg7+ Kb6 30. Bc4 Nbd7 31. b4 axb4 32. cxb4 Ra3+ 33. Kd4 Nb7 34. Rxd7 Rf3 35. Rf1 Rh3 36. Rf2 Ra3 37. Rxh7 Nd8 38. Rd7 Nb7 39. Rxb7+ Kxb7 40. Bb3 Ra8 41. e5 Rd8+ 42. Ke4 fxe5 43. fxe5 Kc7 44. e6 Re8 45. Ke5 Re7 46. Rf7 Kd8 47. Rxe7 Kxe7 48. a4 1-0

[Event "Bogota blitz op"]
[Site "Bogota"]
[Date "2024.12.21"]
[Round "5"]
[White "Motta Leon, Gerardo"]
[Black "Ladino Hernandez, Angel Joel"]
[Result "1-0"]
[WhiteElo "1935"]
[BlackElo "1683"]
[PlyCount "47"]
[EventDate "2024.12.21"]
[EventType "swiss (blitz)"]
[EventRounds "11"]
[EventCountry "COL"]
[SourceTitle "CB52_2024"]
[SourceDate "2024.12.25"]
[SourceVersion "1"]
[SourceVersionDate "2024.12.25"]
[SourceQuality "1"]

1. e4 c5 2. Nf3 g6 3. c4 Bg7 4. d4 cxd4 5. Nxd4 Nc6 6. Nb3 Nf6 7. Nc3 0-0 8. Be2 d6 9. 0-0 Bd7 10. Be3 Rc8 11. c5 dxc5 12. Nxc5 b6 13. Nxd7 Qxd7 14. Bb5 Qc7 15. Rc1 Qe5 16. f4 Qh5 17. Qxh5 gxh5 18. h3 Rfd8 19. e5 Ne8 20. Ne4 Na5 21. b3 Nc7 22. Be2 Ne6 23. Bxh5 Rxc1 24. Rxc1 1-0

[Event "Nancy Meurthe blitz 17th"]
[Site "Nancy"]
[Date "2019.02.23"]
[Round "2"]
[White "Brunner, Nicolas"]
[Black "Motta Leon, Gerardo"]
[Result "1-0"]
[WhiteElo "2427"]
[BlackElo "2017"]
[PlyCount "66"]
[EventDate "2019.02.24"]
[EventType "swiss (blitz)"]
[EventRounds "11"]
[EventCountry "FRA"]
[SourceTitle "CBM 189 Extra"]
[Source "ChessBase"]
[SourceDate "2019.05.31"]
[SourceVersion "1"]
[SourceVersionDate "2019.05.31"]
[SourceQuality "1"]

1. d4 d5 2. c4 e6 3. Nf3 Nf6 4. Nc3 a6 5. cxd5 exd5 6. Bg5 Be7 7. e3 0-0 8. Bd3 h6 9. Bh4 c6 10. Qc2 Be6 11. 0-0-0 Nbd7 12. h3 c5 13. dxc5 Nxc5 14. Kb1 Nxd3 15. Qxd3 Qa5 16. Bxf6 Bxf6 17. Nxd5 Bxd5 18. Qxd5 Qb6 19. Qb3 Qxb3 20. axb3 Rfd8 21. Rd2 Rxd2 22. Nxd2 Rd8 23. Ne4 Be7 24. Rc1 f5 25. Rc7 Bf8 26. Ng3 Bd6 27. Rxb7 Bxg3 28. fxg3 Re8 29. Ra7 Rxe3 30. Rxa6 Rxg3 31. Ra5 g6 32. b4 Rxg2 33. b5 Rg3 1-0

[Event "Bogota-ch sf"]
[Site "Bogota"]
[Date "2014.03.24"]
[Round "7"]
[White "Motta Leon, Gerardo"]
[Black "Garcia Alarcon, Alvaro"]
[Result "0-1"]
[WhiteElo "2036"]
[BlackElo "2223"]
[PlyCount "90"]
[EventDate "2014.03.21"]
[EventType "swiss"]
[EventRounds "7"]
[EventCountry "COL"]
[SourceTitle "CBM 159 Extra"]
[Source "ChessBase"]
[SourceDate "2014.04.24"]
[SourceVersion "1"]
[SourceVersionDate "2014.04.24"]
[SourceQuality "1"]

1. d4 Nf6 2. c4 e6 3. Nc3 d5 4. Nf3 c6 5. Bg5 h6 6. Bh4 Nbd7 7. e3 Bb4 8. cxd5 exd5 9. Bd3 Qa5 10. Qc2 b6 11. Bxf6 Nxf6 12. Ne5 Bb7 13. 0-0 Bxc3 14. Qxc3 Qxc3 15. bxc3 Ke7 16. a4 Nd7 17. Nxd7 Kxd7 18. Rfb1 Kc7 19. Kf1 Rhb8 20. Ke2 Bc8 21. c4 Be6 22. Rc1 dxc4 23. Bxc4 Bxc4+ 24. Rxc4 Kd6 25. Rac1 Rc8 26. e4 Rc7 27. f4 Re8 28. Kd3 f6 29. R4c2 h5 30. g3 Rec8 31. Re1 c5 32. d5 c4+ 33. Kd4 c3 34. e5+ Kd7 35. Kd3 Rc5 36. d6 fxe5 37. fxe5 Ke6 38. d7 Rd5+ 39. Ke2 Kxd7 40. Kf3 Ke6 41. Kf4 Rc4+ 42. Kg5 Rxe5+ 43. Rxe5+ Kxe5 44. Kxh5 Kd4 45. Kg6 Rc7 0-1

[Event "COL-ch sf"]
[Site "Medellin"]
[Date "2014.??.??"]
[Round "8"]
[White "Motta Leon, Gerardo"]
[Black "Martinez Arroyo, Luis Alberto"]
[Result "0-1"]
[WhiteElo "2036"]
[BlackElo "1866"]
[PlyCount "82"]
[EventDate "2014.04.15"]
[EventType "swiss"]
[EventRounds "11"]
[EventCountry "COL"]
[SourceTitle "CBM 160 Extra"]
[Source "ChessBase"]
[SourceDate "2014.07.01"]
[SourceVersion "1"]
[SourceVersionDate "2014.07.01"]
[SourceQuality "1"]

1. d4 d6 2. Nf3 Nf6 3. c4 g6 4. g3 Bg7 5. Bg2 c6 6. Nc3 0-0 7. 0-0 Qc7 8. e4 Nbd7 9. Qe2 e5 10. dxe5 dxe5 11. Rd1 Re8 12. h3 Nf8 13. Be3 Be6 14. b4 Nh5 15. Rac1 Rad8 16. c5 h6 17. Nd2 Kh7 18. Nc4 Bxc4 19. Qxc4 Ne6 20. Bf3 Nf6 21. Ne2 Ng8 22. Bg2 g5 23. g4 Ne7 24. Ng3 Ng6 25. Nf5 Ngf4 26. Rd6 Bf8 27. Rd2 Rxd2 28. Bxd2 Rd8 29. Bc3 Nd4 30. Re1 Nde6 31. Bf1 Kg6 32. a3 b5 33. cxb6 axb6 34. Rc1 c5 35. Ne3 Nd4 36. Nd5 Qb7 37. Nxf4+ gxf4 38. Bd3 b5 39. Qa2 Nf3+ 40. Kf1 Rxd3 41. Qe2 c4 0-1

[Event "Bogota University op 7th"]
[Site "Bogota"]
[Date "2013.10.13"]
[Round "7"]
[White "Motta Leon, Gerardo"]
[Black "De Arco, Luis Carlos"]
[Result "0-1"]
[WhiteElo "2046"]
[BlackElo "2283"]
[PlyCount "84"]
[EventDate "2013.10.10"]
[EventType "swiss"]
[EventRounds "9"]
[EventCountry "COL"]
[SourceTitle "CBM 156 Extra"]
[Source "ChessBase"]
[SourceDate "2013.10.22"]
[SourceVersion "1"]
[SourceVersionDate "2013.10.22"]
[SourceQuality "1"]

1. e4 c5 2. Nf3 g6 3. d4 cxd4 4. Nxd4 Nc6 5. Nc3 Bg7 6. Be3 Nf6 7. Be2 0-0 8. 0-0 d6 9. Qd2 Bd7 10. f3 Nxd4 11. Bxd4 Bc6 12. Nd5 Nd7 13. b4 Bxd4+ 14. Qxd4 Bxd5 15. exd5 Qb6 16. Qxb6 Nxb6 17. c4 Rfc8 18. Rae1 a5 19. a3 axb4 20. axb4 Ra4 21. Kf2 Rc7 22. b5 Rc8 23. Ra1 Rca8 24. Rxa4 Rxa4 25. Rc1 Nd7 26. Rc2 Ra3 27. Ke1 Kg7 28. f4 f5 29. Kf2 Nc5 30. g3 Kf6 31. Bf3 b6 32. Be2 h5 33. Kg2 g5 34. Kf2 Ne4+ 35. Kg2 g4 36. Rb2 h4 37. Bd1 Kg6 38. Bc2 Rc3 39. Bxe4 fxe4 40. Kf2 Kf5 41. Ra2 e3+ 42. Ke2 Ke4 0-1

[Event "Bogota University op 7th"]
[Site "Bogota"]
[Date "2013.10.11"]
[Round "3"]
[White "Motta Leon, Gerardo"]
[Black "Otero Acosta, Diasmany"]
[Result "0-1"]
[WhiteElo "2046"]
[BlackElo "2519"]
[PlyCount "83"]
[EventDate "2013.10.10"]
[EventType "swiss"]
[EventRounds "9"]
[EventCountry "COL"]
[SourceTitle "CBM 156 Extra"]
[Source "ChessBase"]
[SourceDate "2013.10.22"]
[SourceVersion "1"]
[SourceVersionDate "2013.10.22"]
[SourceQuality "1"]

1. e4 c5 2. Nf3 e6 3. Nc3 a6 4. d4 cxd4 5. Nxd4 b5 6. Bd3 Qb6 7. Nb3 Qc7 8. 0-0 Bb7 9. f4 Nf6 10. e5 b4 11. Ne2 Qc6 12. Rf3 Ng4 13. Nbd4 Qb6 14. Rg3 h5 15. h3 Nc6 16. hxg4 h4 17. Rh3 Nxd4 18. Nxd4 Qxd4+ 19. Be3 Qd5 20. Qe2 Rc8 21. Rd1 Qxa2 22. b3 Qa5 23. Bc4 Bc5 24. g3 Qb6 25. Re1 Bxe3+ 26. Qxe3 Qc6 27. Re2 Qf3 28. Qxf3 Bxf3 29. Rf2 Bxg4 30. Rxh4 Rxh4 31. gxh4 Bf5 32. Bxa6 Rxc2 33. Rxc2 Bxc2 34. Bc4 Ke7 35. Kf2 d5 36. exd6+ Kxd6 37. Ke3 Kc5 38. Kd2 Be4 39. Be2 Kd4 40. Bh5 f6 41. Bd1 f5 42. Ke1 0-1

[Event "Bogota McGregor op 3rd"]
[Site "Bogota"]
[Date "2012.12.15"]
[Round "7"]
[White "Motta Leon, Gerardo"]
[Black "Garavito, Miguel Angel"]
[Result "0-1"]
[WhiteElo "2012"]
[BlackElo "2249"]
[PlyCount "78"]
[EventDate "2012.12.12"]
[EventType "swiss"]
[EventRounds "9"]
[EventCountry "COL"]
[SourceTitle "EXT 2014"]
[Source "ChessBase"]
[SourceDate "2013.11.20"]
[SourceVersion "1"]
[SourceVersionDate "2013.11.20"]
[SourceQuality "1"]

1. d4 Nf6 2. c4 e6 3. Nf3 c5 4. e3 cxd4 5. exd4 Bb4+ 6. Bd2 Bxd2+ 7. Qxd2 0-0 8. Nc3 d5 9. Be2 dxc4 10. Bxc4 Nc6 11. 0-0 b6 12. Rfd1 Bb7 13. Qe2 Nb4 14. Ne5 Nbd5 15. f3 Rc8 16. Rac1 Qe7 17. Nxd5 Nxd5 18. Bxd5 Bxd5 19. b3 Qg5 20. Rxc8 Rxc8 21. Qd2 Qh4 22. g3 Qd8 23. Kf2 Qc7 24. Nd3 Qb7 25. Ne1 Qa6 26. Qe2 Qa3 27. Rd2 Qb4 28. Nc2 Qc3 29. Ne3 Bb7 30. d5 exd5 31. Nxd5 Qc5+ 32. Ne3 Re8 33. Qd3 h5 34. Qd4 Qc6 35. Qd5 Qc1 36. Qd7 Bc6 37. Qd4 Qh1 38. Ng2 Bb5 39. g4 h4 0-1

[Event "Bogota McGregor op 3rd"]
[Site "Bogota"]
[Date "2012.12.13"]
[Round "3"]
[White "Motta Leon, Gerardo"]
[Black "Fernandez Sanchez, Fernando Miguel"]
[Result "0-1"]
[WhiteElo "2012"]
[BlackElo "2310"]
[PlyCount "110"]
[EventDate "2012.12.12"]
[EventType "swiss"]
[EventRounds "9"]
[EventCountry "COL"]
[SourceTitle "EXT 2014"]
[Source "ChessBase"]
[SourceDate "2013.11.20"]
[SourceVersion "1"]
[SourceVersionDate "2013.11.20"]
[SourceQuality "1"]

1. d4 Nf6 2. c4 e6 3. Nf3 d5 4. Nc3 Bb4 5. e3 0-0 6. Bd3 c5 7. 0-0 dxc4 8. Bxc4 Nc6 9. a3 Bxc3 10. bxc3 Qc7 11. Qe2 Rd8 12. Rd1 e5 13. dxe5 Rxd1+ 14. Qxd1 Nxe5 15. Nxe5 Qxe5 16. Qd8+ Qe8 17. Qxe8+ Nxe8 18. Bd5 Nc7 19. Bf3 Rb8 20. a4 Be6 21. Ba3 b6 22. Rb1 Na6 23. Be2 c4 24. Rd1 Nc5 25. a5 Nd3 26. axb6 Rxb6 27. f3 h5 28. Bxd3 cxd3 29. Rxd3 Rb1+ 30. Kf2 Ra1 31. Bc5 h4 32. Rd2 a5 33. e4 a4 34. c4 a3 35. Bd4 Rc1 36. Ra2 Rxc4 37. Ke3 Rxd4 38. Rxa3 Rb4 39. f4 f5 40. exf5 Bxf5 41. g3 Rb2 42. gxh4 Rxh2 43. Kd4 Rxh4 44. Ke5 Rh5 45. Ra7 Kh7 46. Kd4 Bg6 47. Ra4 Rh3 48. Ra1 Rd3+ 49. Ke5 Re3+ 50. Kd5 Bf5 51. Rh1+ Kg6 52. Rf1 Kf6 53. Rf2 g6 54. Rf1 Rd3+ 55. Kc4 Be4 0-1

[Event "Bogota op 10"]
[Site "Bogota"]
[Date "2012.10.19"]
[Round "9"]
[White "Castrillon Gomez, Melissa"]
[Black "Motta Leon, Gerardo"]
[Result "1-0"]
[WhiteElo "2179"]
[BlackElo "2022"]
[PlyCount "47"]
[EventDate "2012.10.11"]
[EventType "swiss"]
[EventRounds "9"]
[EventCountry "COL"]
[SourceTitle "EXT 2013"]
[Source "ChessBase"]
[SourceDate "2012.11.22"]
[SourceVersion "1"]
[SourceVersionDate "2012.11.22"]
[SourceQuality "1"]

1. e4 c6 2. d4 d5 3. Nc3 dxe4 4. Nxe4 Nd7 5. Ng5 Ngf6 6. Bd3 e6 7. Qe2 Bd6 8. N1f3 h6 9. Ne4 Nxe4 10. Qxe4 Nf6 11. Qe2 0-0 12. Bd2 Qc7 13. 0-0-0 Bf4 14. Ne5 Bxd2+ 15. Qxd2 c5 16. g4 cxd4 17. Rde1 Nd7 18. Nxd7 Bxd7 19. g5 hxg5 20. Qxg5 f5 21. Rhg1 Rf7 22. h4 Rc8 23. Kb1 Re8 24. Be2 1-0

[Event "Bogota op 10"]
[Site "Bogota"]
[Date "2012.10.15"]
[Round "5"]
[White "Corredor Castellanos, Camilo"]
[Black "Motta Leon, Gerardo"]
[Result "1/2-1/2"]
[WhiteElo "1837"]
[BlackElo "2022"]
[PlyCount "57"]
[EventDate "2012.10.11"]
[EventType "swiss"]
[EventRounds "9"]
[EventCountry "COL"]
[SourceTitle "EXT 2013"]
[Source "ChessBase"]
[SourceDate "2012.11.22"]
[SourceVersion "1"]
[SourceVersionDate "2012.11.22"]
[SourceQuality "1"]

1. e4 c6 2. d4 d5 3. exd5 cxd5 4. Bd3 Nc6 5. c3 g6 6. Bf4 Nf6 7. Nd2 Bg7 8. h3 0-0 9. Ngf3 Nd7 10. 0-0 e5 11. dxe5 Ndxe5 12. Bc2 Nxf3+ 13. Nxf3 d4 14. cxd4 Nxd4 15. Be4 Qb6 16. Be3 Nxf3+ 17. Qxf3 Qxb2 18. Rab1 Qf6 19. Rfc1 Qxf3 20. Bxf3 Be6 21. Rxb7 Bxa2 22. Bxa7 Rac8 23. Re1 Rfe8 24. Rxe8+ Rxe8 25. Be3 h5 26. g3 Be6 27. Kg2 Bf6 28. Rb6 Kg7 29. Bf4 1/2-1/2

[Event "Bogota op 10"]
[Site "Bogota"]
[Date "2012.10.12"]
[Round "2"]
[White "Motta Leon, Gerardo"]
[Black "Cruz, Adriana"]
[Result "1-0"]
[WhiteElo "2022"]
[BlackElo "1709"]
[PlyCount "79"]
[EventDate "2012.10.11"]
[EventType "swiss"]
[EventRounds "9"]
[EventCountry "COL"]
[SourceTitle "EXT 2013"]
[Source "ChessBase"]
[SourceDate "2012.11.22"]
[SourceVersion "1"]
[SourceVersionDate "2012.11.22"]
[SourceQuality "1"]

1. e4 c5 2. Nf3 d6 3. d4 cxd4 4. Nxd4 Nf6 5. Nc3 a6 6. Be2 e6 7. Be3 Be7 8. 0-0 Nbd7 9. f4 Qc7 10. Bf3 Nb6 11. Be2 0-0 12. a4 Rd8 13. a5 Nc4 14. Bxc4 Qxc4 15. Ra4 Qc7 16. Nb3 Qc6 17. Bb6 Re8 18. Nd4 Qd7 19. Qd3 d5 20. e5 Ne4 21. Raa1 Nc5 22. Qg3 Kh8 23. f5 Rg8 24. fxe6 fxe6 25. b4 Ne4 26. Nxe4 dxe4 27. c3 Qe8 28. Rfe1 Bd7 29. Rxe4 Rc8 30. Ree1 h6 31. Qf3 Bc6 32. Nxc6 Rxc6 33. Red1 Rf8 34. Qd3 Bg5 35. Bc5 Rf7 36. Rf1 Bf4 37. Qe4 Bd2 38. Rxf7 Qxf7 39. Rf1 Qh5 40. Rf8# 1-0

[Event "Bogota McGregor op 2nd"]
[Site "Bogota"]
[Date "2011.12.09"]
[Round "7"]
[White "Motta Leon, Gerardo"]
[Black "Paniagua, David"]
[Result "1-0"]
[WhiteElo "2038"]
[BlackElo "1855"]
[PlyCount "83"]
[EventDate "2011.12.06"]
[EventType "swiss"]
[EventRounds "10"]
[EventCountry "COL"]
[SourceTitle "CBM 145 Extra"]
[Source "ChessBase"]
[SourceDate "2012.01.03"]
[SourceVersion "1"]
[SourceVersionDate "2012.01.03"]
[SourceQuality "1"]

1. e4 e5 2. Nf3 Nf6 3. Nxe5 d6 4. Nf3 Nxe4 5. Nc3 Nxc3 6. dxc3 Be7 7. Bd3 Nc6 8. Bf4 Be6 9. Nd4 Bd5 10. 0-0 Qd7 11. Bf5 Be6 12. Nxe6 fxe6 13. Qh5+ Kd8 14. Bh3 Bf6 15. Rfe1 Re8 16. Qxh7 Qf7 17. Bg4 Bxc3 18. Bg5+ Bf6 19. Bh5 Qg8 20. Qxg8 Rxg8 21. Bf7 Rf8 22. Bxf6+ gxf6 23. Bxe6 Nd4 24. Bb3 a5 25. c3 Nxb3 26. axb3 Kd7 27. Ra4 Rae8 28. Rae4 Re5 29. c4 Kc6 30. f4 Rxe4 31. Rxe4 Rf7 32. f5 Kc5 33. g4 c6 34. Kf2 d5 35. Rf4 Re7 36. cxd5 cxd5 37. h4 d4 38. g5 fxg5 39. hxg5 d3 40. f6 d2 41. fxe7 d1Q 42. e8Q 1-0

[Event "Bogota Mayores Distrital op"]
[Site "Bogota"]
[Date "2011.08.13"]
[Round "4"]
[White "Motta Leon, Gerardo"]
[Black "Acosta, Alejandro"]
[Result "1-0"]
[WhiteElo "2032"]
[BlackElo "2335"]
[PlyCount "59"]
[EventDate "2011.08.11"]
[EventType "swiss"]
[EventRounds "9"]
[EventCountry "COL"]
[SourceTitle "CBM 143 Extra"]
[Source "ChessBase"]
[SourceDate "2011.08.29"]
[SourceVersion "1"]
[SourceVersionDate "2011.08.29"]
[SourceQuality "1"]

1. d4 d5 2. Nf3 c5 3. dxc5 Nf6 4. e3 e6 5. Be2 Bxc5 6. 0-0 0-0 7. c4 Nc6 8. a3 a5 9. Qc2 Qe7 10. b3 dxc4 11. Bxc4 e5 12. Nc3 Rd8 13. Ng5 Be6 14. Nxe6 fxe6 15. Ne4 Nxe4 16. Qxe4 Kh8 17. Bb2 Qf6 18. Rad1 Qf5 19. Bd3 Qh5 20. Qc4 Bf8 21. Qxe6 Rxd3 22. Rxd3 Qe2 23. Qd7 Rd8 24. Qxd8 Nxd8 25. Rxd8 Kg8 26. Bxe5 Kf7 27. Bd6 Bxd6 28. Rxd6 Qb5 29. Rb1 a4 30. Rd4 1-0

[Event "Bogota Mayores Distrital op 06"]
[Site "Bogota"]
[Date "2011.06.19"]
[Round "7"]
[White "Manrique Ochoa, Fernando"]
[Black "Motta Leon, Gerardo"]
[Result "1/2-1/2"]
[WhiteElo "1940"]
[BlackElo "2044"]
[PlyCount "61"]
[EventDate "2011.06.16"]
[EventType "swiss"]
[EventRounds "7"]
[EventCountry "COL"]
[SourceTitle "EXT 2012"]
[Source "ChessBase"]
[SourceDate "2011.11.24"]
[SourceVersion "1"]
[SourceVersionDate "2011.11.24"]
[SourceQuality "1"]

1. e4 c6 2. Nc3 d5 3. Nf3 Nf6 4. exd5 cxd5 5. d4 Bg4 6. h3 Bxf3 7. Qxf3 e6 8. Bf4 Nc6 9. Bb5 Be7 10. 0-0 0-0 11. Bxc6 bxc6 12. Qd3 Nd7 13. Na4 Qa5 14. b3 Qb5 15. Nb2 Qxd3 16. Nxd3 Rfc8 17. Rac1 c5 18. c3 cxd4 19. cxd4 Ba3 20. Rxc8+ Rxc8 21. Rd1 f6 22. Kf1 g5 23. Bc1 Bd6 24. Bb2 Kf7 25. Rc1 Rc7 26. Rxc7 Bxc7 27. g4 e5 28. f3 Ke6 29. Ke2 Bb6 30. dxe5 fxe5 31. Ba3 1/2-1/2